<?xml version="1.0" encoding="UTF-8"?>
<collection xmlns="http://www.loc.gov/MARC21/slim">
  <record>
    <leader>00000nam  2200000   4500</leader>
    <controlfield tag="001">$a INLIS000000000008550</controlfield>
    <controlfield tag="005">$a 20260629141856</controlfield>
    <controlfield tag="008">$a 260629###########################0#ind##</controlfield>
    <datafield tag="022" ind1="#" ind2="#">
      <subfield code="a">978-602-96071-7-8</subfield>
    </datafield>
    <datafield tag="035" ind1="#" ind2="#">
      <subfield code="a">0010-0626000177</subfield>
    </datafield>
    <datafield tag="082" ind1="#" ind2="#">
      <subfield code="a">658.4</subfield>
    </datafield>
    <datafield tag="084" ind1="#" ind2="#">
      <subfield code="a">658.4 AHM m</subfield>
    </datafield>
    <datafield tag="110" ind1=" " ind2="#">
      <subfield code="a">Ahmad Djauhar</subfield>
    </datafield>
    <datafield tag="245" ind1="#" ind2="#">
      <subfield code="a">menguak gagasan 45 ceo inovatif</subfield>
      <subfield code="b">-</subfield>
      <subfield code="c">Ahmad Djauhar</subfield>
    </datafield>
    <datafield tag="247" ind1="#" ind2="#">
      <subfield code="a"/>
    </datafield>
    <datafield tag="260" ind1="#" ind2="#">
      <subfield code="a">Jakarta</subfield>
      <subfield code="b">Gagas Bisnis</subfield>
      <subfield code="c">2013</subfield>
    </datafield>
    <datafield tag="300" ind1="#" ind2="#">
      <subfield code="a">vi; 474 hlm.</subfield>
      <subfield code="b">ilus.</subfield>
      <subfield code="c">22,5 cm.</subfield>
      <subfield code="e"/>
    </datafield>
    <datafield tag="310" ind1="#" ind2="#">
      <subfield code="a"/>
    </datafield>
    <datafield tag="321" ind1="#" ind2="#">
      <subfield code="a"/>
    </datafield>
    <datafield tag="520" ind1=" " ind2="#">
      <subfield code="a"/>
    </datafield>
    <datafield tag="650" ind1=" " ind2="#">
      <subfield code="a">Leadership</subfield>
    </datafield>
    <datafield tag="700" ind1=" " ind2="#">
      <subfield code="a"/>
    </datafield>
    <datafield tag="856" ind1="#" ind2="#">
      <subfield code="a"/>
    </datafield>
    <controlfield tag="Wor">$a 1</controlfield>
  </record>
</collection>
